000 00645nam a22002057a 4500
999 _c7374
_d7374
003 OSt
005 20211025111535.0
008 211025b ||||| |||| 00| 0 eng d
020 _a9780070109100
040 _cDDC
082 _a330.0151CHI 2004
100 _aChiang,Alpha C.; Wainwright,Kevin;
_915110
245 _aFundamental Methods of Mathematical Economics.
_cEdited by Chiang,Alpha C. and Wainwright,Kevin;
250 _a4th Ed.
260 _aIndia.
_bMcGraw-Hill Education.
_c2004.
300 _axix,688p;
_bill;
_c26cm.
504 _aIncludes; References and index.
650 _aMathematical Economics.
_915111
942 _2ddc
_cO_SHELF